Capacitación y asistencia técnica en planificación y ejecución de proyectos para gobernaciones y alcaldías. (Registro nro. 4005)
[ vista simple ]
| 000 -CABECERA | |
|---|---|
| campo de control de longitud fija | 00574nam a22001817a 4500 |
| 001 - NÚMERO DE CONTROL | |
| campo de control | T027600002857 |
| 008 - DATOS DE LONGITUD FIJA--INFORMACIÓN GENERAL | |
| campo de control de longitud fija | 181111b xve|||||r|||| 00| | esp d |
| 020 ## - NÚMERO INTERNACIONAL ESTÁNDAR DEL LIBRO | |
| Número Internacional Estándar del Libro | S/I |
| 099 ## - SIGNATURA TOPOGRÁFICA LOCAL | |
| Número de clasificación | 654 |
| Cutter | M6653 |
| Fecha | Cota Rep. 2 |
| 100 ## - ENTRADA PRINCIPAL--NOMBRE DE PERSONA | |
| Nombre de persona | Ministerio de Planificación y Desarrollo. |
| 245 ## - MENCIÓN DE TÍTULO | |
| Título | Capacitación y asistencia técnica en planificación y ejecución de proyectos para gobernaciones y alcaldías. |
| 260 ## - PUBLICACIÓN, DISTRIBUCIÓN, ETC. (PIE DE IMPRENTA) | |
| Lugar de publicación, distribución, etc. | 2006 |
| 300 ## - DESCRIPCIÓN FÍSICA | |
| Extensión | 193 |
| 500 ## - NOTA GENERAL | |
| Nota general | |
| 650 ## - PUNTO DE ACCESO ADICIONAL DE MATERIA--TÉRMINO DE MATERIA | |
| Término de materia o nombre geográfico como elemento inicial | Marco político jurídico de la planificación. |
| 650 ## - PUNTO DE ACCESO ADICIONAL DE MATERIA--TÉRMINO DE MATERIA | |
| Término de materia o nombre geográfico como elemento inicial | Sistema nacional de planificación. |
| 942 ## - ELEMENTOS DE PUNTO DE ACCESO ADICIONAL (KOHA) | |
| Tipo de ítem Koha | Libro |
| Estado de retiro | Estado de pérdida | Estado dañado | No para préstamo | Localización permanente | Ubicación/localización actual | Fecha de adquisición | Total de préstamos | Signatura topográfica completa | Código de barras | Fecha visto por última vez | Precio válido a partir de | Tipo de ítem Koha | Número de copia |
|---|---|---|---|---|---|---|---|---|---|---|---|---|---|
| Oscar Varsavsky | Oscar Varsavsky | 13.11.2018 | 654 M6653 Cota Rep. 2 | T027600002849 | 13.11.2018 | 13.11.2018 | Libro | ||||||
| Oscar Varsavsky | Oscar Varsavsky | 13.11.2018 | 654 M6653 Cota Rep. 2 | T027600010158 | 13.11.2018 | 13.11.2018 | Libro | e.2 |